000 00438nam a2200181Ia 4500
001 13988
005 20260306164841.0
008 260306t2011||||xx |||||||||||||| ||spa||
041 _aESP
082 _a005.74
_bS54 2011
100 _aSilberschatz, Abraham
_eAUT
245 0 _aDatabase:
_bsystem concepts
260 _c2011
300 _axxvi, 1349 páginas :
_c24 cm.
650 _aGEN
654 _aCCC
942 _cLIB
_dJUS
_fJUS
_2ddc
_n
999 _c13988
_d13988